000 00633nam a22002297a 4500
008 130514b xxu||||| |||| 00| 0 eng d
020 _a8125022473
024 _cavailable
037 _cavailable
082 _222
_a421.028 FAC
100 _aFarhathullah,T M
245 _aCommunication skills for technical students
250 _a
260 _aNew Delhi
_bOrient Longman Group
_c2002
300 _a18 cm
_b189 page
_f8
_g18 cm
600 _aEnglish Language, Speaking
700 _aFarhathullah, T.M
270 _aNew Delhi
_bNew Delhi
_dIndia
365 _b166.00
_d166.00
942 _2ddc
_cBK
999 _c380
_d380